Search the Library Catalogue
| 000 -LEADER | |
|---|---|
| fixed length control field | 00343nam a22001457a 4500 |
| 003 - CONTROL NUMBER IDENTIFIER | |
| control field | OSt |
| 005 - DATE AND TIME OF LATEST TRANSACTION | |
| control field | 20260110175525.0 |
| 008 - FIXED-LENGTH DATA ELEMENTS--GENERAL INFORMATION | |
| fixed length control field | 260110b |||||||| |||| 00| 0 eng d |
| 020 ## - INTERNATIONAL STANDARD BOOK NUMBER | |
| International Standard Book Number | 9780230221062 |
| 040 ## - CATALOGING SOURCE | |
| Transcribing agency | acl |
| 082 ## - DEWEY DECIMAL CLASSIFICATION NUMBER | |
| Classification number | 355.8 DAV |
| 100 ## - MAIN ENTRY--PERSONAL NAME | |
| Personal name | Davison, Neil |
| 245 ## - TITLE STATEMENT | |
| Title | Non- lethal weapons |
| Statement of responsibility, etc. | by Neil Davison |
| 942 ## - ADDED ENTRY ELEMENTS (KOHA) | |
| Source of classification or shelving scheme | Dewey Decimal Classification |
| Koha item type | English Books |
| Withdrawn status | Lost status | Source of classification or shelving scheme | Damaged status | Not for loan | Home library | Current library | Shelving location | Date acquired | Total Checkouts | Total Renewals | Full call number | Barcode | Date due | Date last seen | Date last checked out | Price effective from | Koha item type |
|---|---|---|---|---|---|---|---|---|---|---|---|---|---|---|---|---|---|
| Dewey Decimal Classification | Anna Centenary Library | Anna Centenary Library | 4TH FLOOR, A WING | 12.10.2010 | 2 | 2 | 355.8 DAV | 307751 | 14.04.2026 | 13.02.2026 | 13.02.2026 | 10.01.2026 | English Books |